| 000 | 00946cam a22003017a 4500 | ||
|---|---|---|---|
| 003 | CHAP | ||
| 005 | 20220329135654.0 | ||
| 008 | 971013s r 00010 d | ||
| 010 | _a40275 | ||
| 011 | _a41247 | ||
| 035 | _a45373 | ||
| 040 | _cCHAP | ||
| 082 |
_a614.31 _bE84 |
||
| 110 |
_aE.U.A. Office of the Federal Register _934958 |
||
| 245 | 0 | _aCode of federal regulations ; agriculture | |
| 260 |
_aWashington : _bThe Office, _c19- |
||
| 300 | _av. | ||
| 500 | _aLa biblioteca tiene : v.1 1971 | ||
| 590 |
_aBATCH-UPD _b10 _c20130110 _lUCH01 _h1128 |
||
| 590 |
_aBATCH-UPD _b10 _c20130410 _lUCH01 _h0717 |
||
| 590 |
_aBATCH-UPD _b10 _c20130914 _lUCH01 _h0134 |
||
| 590 |
_aCONVERSION _b10 _c20130109 _lUCH01 _h1322 |
||
| 650 | 1 | 4 |
_aAlimentos _xNormas de calidad. _94256 |
| 650 | 1 | 4 |
_aProductos agrÃcolas _xNormas de calidad. _992001 |
| 901 | _aBK | ||
| 942 | _cLIBRO | ||
| 949 |
_a614.31 E84 _bBC _cC _d33724000498077 _eC _fv.1 _h43132 _i45373 _si |
||
| 999 |
_c40275 _d40275 |
||